| 000 | 01702cam a2200253 a 4500 | ||
|---|---|---|---|
| 001 | 000004708 | ||
| 005 | 20200929151504.0 | ||
| 008 | 950615s1994 sp s000 0 spa | ||
| 020 | _a8478202048 | ||
| 040 |
_aDO-SdBNP _cDLC |
||
| 082 |
_a860.09 _bL776r |
||
| 245 | 0 | 0 |
_aLiteraturas regionales en España : _bhistoria y crítica / _cedición al cuidado de José Ma. Enguita y José-Carlos Mainer. |
| 260 |
_aZaragoza : _bInstitución "Fernando el Católico, _c1994. |
||
| 300 |
_a181 p. ; _c24 cm. |
||
| 490 | 1 |
_aPublicación de la Institución "Fernando el Católico" _vno. 1632 |
|
| 504 | _aIncluye referencias bibliográficas | ||
| 505 | 0 | _aLiteratura nacional y literaturas regionales / José-Carlos Mainer -- La invención de la literatura española / José-Carlos Mainer -- Lengua y dialécto en la literatura regional : el caso bilbaino / Jon Juaristi -- Españolidad, regionalismo y autoctonía en la literatura : la identidad asturiana / Alvaro Ruiz de la Peña -- Andalucía como imagen literaria / Luis García Montero -- Literatura e historia : el caso de Canarias / Andres Sánchez Robayna -- Construir una literatura regional / Francisco Javier Diéz de Revenga -- "Los postes y el tendido" : realidades y propósitos de la cultura literaria en Extremadura / Gregorio Torres Nebrera -- Los dias y los trabajos / José Manuel Blecua. | |
| 650 | 4 |
_aLiteratura española _xHistoria y crítica _93904 |
|
| 650 | 4 |
_aLiteratura y sociedad _98111 |
|
| 700 | 1 |
_aEnguita Utrilla, José María, _q(José María) _913714 |
|
| 700 | 1 |
_aMainer, José-Carlos. _913715 |
|
| 830 | 0 |
_aPublicación de la Institución "Fernando el Católico" ; _vno. 1632. _913716 |
|
| 910 | _aCatalogación por copia / LC | ||
| 999 |
_c4514 _d4514 |
||